01187nam a2200325Ia 4500001001200000003000800012006001900020007001500039008004100054010001700095020002500112020001500137040002100152035002000173050002600193082001700219100002600236245011100262260003200373300001600405500002000421533015200441650003200593650002700625655002900652700001700681700002000698710001700718856012600735ebr10196174CaPaEBRm u cr cn|||||||||060907s2007 nyu s 001 0 eng d z 2006029750 z9780814409060 (hbk.) z0814409067 aCaPaEBRcCaPaEBR a(OCoLC)7757041814aHD38.2b.M3675 2007eb04a658.4/092221 aMartin, Chuck,d1949-10aSmartsh[electronic resource] :bare we hardwired for success? /cChuck Martin, Peg Dawson, Richard Guare. aNew York :bAmacom,cc2007. axii, 226 p. aIncludes index. aElectronic reproduction.bPalo Alto, Calif. :cebrary,d2009.nAvailable via World Wide Web.nAccess may be limited to ebrary affiliated libraries. 0aExecutive abilityxTesting. 0aIndustrial management. 7aElectronic books.2local1 aDawson, Peg.1 aGuare, Richard.2 aebrary, Inc.40uhttp://site.ebrary.com/lib/rucke/Doc?id=10196174zAn electronic book accessible through the World Wide Web; click to view